000 00668nam a2200241Ia 4500
005 20260430150518.0
008 008 250103s9999 xx 000 0 eng d
037 _aTheses
040 _aCRL
040 _beng
040 _ceng
041 _2eng
041 _aeng
084 _qCRL
100 _aChahal Nidhi Au.; Singh Rita Gu.
_91237718
245 0 _aInvestigations of Molecular Defects in Metabolism of Granulosa Cells and Identification of Infertility Markers in Pcos
260 _c2023
300 _a183p.
650 _aZoology
700 _aUniversity of Delhi. Faculty of Science. Deptt.of Zoology
942 _cTH
999 _c1849958
_d1849958